Offshore risk assessment : principles, modelling, and applications of QRA studies
Αποθηκεύτηκε σε:
| Κύριος συγγραφέας: | |
|---|---|
| Μορφή: | Βιβλίο |
| Γλώσσα: | English |
| Δημοσίευση: |
London :
Springer,
c2007
|
| Έκδοση: | 2nd ed. |
| Σειρά: | Springer series in reliability engineering
|
| Θέματα: | |
| Ετικέτες: |
Προσθήκη ετικέτας
Δεν υπάρχουν, Καταχωρήστε ετικέτα πρώτοι!
|
MARC
| LEADER | 00000nam a2200000 i 4500 | ||
|---|---|---|---|
| 001 | 1/50830 | ||
| 008 | 070907s2007 eng d | ||
| 020 | |a 978-1-84628-716-9 | ||
| 035 | |l 10089558 | ||
| 040 | |a GR-MY-UA |b gre |e aacr | ||
| 041 | 0 | |a eng | |
| 082 | 0 | |a 622.33819 |2 (22) | |
| 100 | 1 | |a Vinnem, Jan Erik. | |
| 245 | 1 | 0 | |a Offshore risk assessment : |b principles, modelling, and applications of QRA studies / |c Jan Erik Vinnem |
| 250 | |a 2nd ed. | ||
| 260 | |a London : |b Springer, |c c2007 | ||
| 300 | |a xxiv, 577 σ.; |b πίν., σχ.; |c 25 εκ. | ||
| 490 | 1 | |a Springer series in reliability engineering | |
| 504 | |a Βιβλιογραφία: σ. 559-571. Ευρετήριο | ||
| 650 | 0 | 0 | |a Offshore oil well drilling |x Safety measures. |
| 650 | 0 | 0 | |a Gas well drilling |x Safety measures. |
| 650 | 0 | 0 | |a Oil well drilling rigs |x Safety measures. |
| 830 | 0 | |a Springer series in reliability engineering | |
| 852 | |a INST |b CHIOS |e 20070806 |h 622.33819 VIN |p 005200025699 |q 005200025699 |t BK |y 0 | ||
| 852 | |a INST |b CHIOS |e 20071130 |h 622.33819 VIN |p 005200026097 |q 005200026097 |t BK |y 0 | ||
| 901 | |a BIBL2-2007-3 | ||
| 909 | |a Χ |b 137198 | ||
| 909 | |a Χ |b 131492 | ||
| 920 | |a ΕΡΕΥΝΗΤΙΚΟ ΠΡΟΓΡΑΜΜΑ "ΠΥΘΑΓΟΡΑΣ ΙΙ" |y ΧΙΟΣ |z 200711 | ||
| 922 | |a 2ΕΛΗ |b 200707 |c ΕΠΕΑΕΚ2/ΤΜΟΔ |d ΕΛΕΥΘΕΡΟΥΔΑΚΗΣ | ||
| 970 | |a ΑΤΣΑΛΗ |b ΔΕΣΠΟΙΝΑ |z 2007/09/07 | ||